000 00507nam a22001697a 4500
005 20251108165252.0
008 250721s1980 xx 000 0 ara d
082 1 4 _a923.1/عبد
100 1 _aشلق، علي
245 1 0 _aعبد الرحمن الداخل مارد يصارع بوعي قدره الراعب /
264 1 _aبيروت :
_bدار المسيرة،
_c1980.
300 _a168ص
490 0 _aكواكب الإسلام ؛9
650 1 7 _aالتراجم
942 _2ddc
_cBK
999 _c23715
_d23715